000 00287nam a22001337a 4500
008 170419b xxu||||| |||| 00| 0 eng d
020 _a0713124660
041 _aeng
080 _a573
100 _a11
101 _aSHM
245 _aESTUARINE BIOLOGY
_cBARNES, R.S.K
942 _2udc
_cBK
999 _c11171
_d11171